OPAC | Catalogo Arcigay delle biblioteche LGBTQIA+

Il Catalogo di Arcigay delle Biblioteche LGBTQIA+ è un servizio fornito grazie alla collaborazione tra Arcigay nazionale e le associazioni locali aderenti al progetto che conservano e rendono pubbliche biblioteche a tema LGBTQIA+.

The Lodger : (Record no. 22649)

MARC details
000 -LEADER
campo di controllo lung. fissa 01633ngm a22003377i 4500
001 - Numero di controllo
campo di controllo IT\ICCU\UBO\1719008
003 - Identificatore del numero di controllo
campo di controllo ItRI
005 - Data e orario dell'ultima transazione
campo di controllo 20260124182819.0
008 - Elementi di lunghezza fissa--Informazione generale
campo di controllo lung. fissa 020628s1993 it |||||||||||||||k|||||c
040 ## - Fonte della catalogazione
Lingua della catalogazione ita
041 #7 - Codice di lingua
Codice di lingua del testo/traccia sonora o titolo separato ita
Fonte del codice ISO-639-2
130 4# - Accesso principale--titolo uniforme
Titolo uniforme The lodger
-- IT\ICCU\VIA\0076052
9 (RLIN) Lowndes, Marie Belloc
245 04 - Formulazione del titolo
Titolo The Lodger :
Complemento del titolo il pensionante : una storia della nebbia a Londra /
Formulazione di responsabilità, ecc. regia di Alfred Hitchcock ; sceneggiatura di Alfred Hitchcock e Eliot Stannard ; tratto dal romanzo di Belloc-Lowndes.
260 ## - Pubblicazione, distribuzione, ecc. (stampa)
Luogo di pubblicazione, distribuzione, ecc. [IT?] :
Nome dell'editore, distributore, ecc. N.I.C.,
Data di pubblicazione, distribuzione, ecc. c1993
300 ## - Descrizione fisica
Estensione 1 videocassetta (VHS) (ca 59 min.) :
Altre particolarità fisiche b/n, muto
500 ## - Nota generale
Nota generale Interpreti: Ivor Novello, June Marie Ault, Arthur Chesney ; didascalie in italiano
500 ## - Nota generale
Nota generale Descrizione basata sul contenitore.
500 ## - Nota generale
Nota generale tit. originale
-- IT\ICCU\VIA\0076052
700 1# - Accesso aggiunto--nome di persona
Nome di persona Hitchcock, Alfred
Numero del record di authority o numero standard IT\ICCU\CFIV\007729
Relazione: drt
700 1# - Accesso aggiunto--nome di persona
Nome di persona Lowndes, Marie Belloc
Numero del record di authority o numero standard IT\ICCU\SBLV\104590
Relazione: ant
700 1# - Accesso aggiunto--nome di persona
Nome di persona Novello, Ivor
Numero del record di authority o numero standard IT\ICCU\TO0V\342448
Relazione: act
700 1# - Accesso aggiunto--nome di persona
Nome di persona Stannard, Elliot
Numero del record di authority o numero standard IT\ICCU\TO0V\342449
Relazione: sce
700 1# - Accesso aggiunto--nome di persona
Nome di persona Chesney, Arthur
Titoli e altre parole associate al nome (attore)
Numero del record di authority o numero standard IT\ICCU\UBOV\646577
Relazione: act
700 1# - Accesso aggiunto--nome di persona
Nome di persona Ault, June Marie
Numero del record di authority o numero standard IT\ICCU\UBOV\646579
Relazione: act
790 1# -
-- Hitchcock, Alfred Joseph
-- IT\ICCU\SBNV\034806
-- Hitchcock, Alfred
790 1# -
-- Lowndes, Belloc
-- IT\ICCU\LIGV\057724
-- Lowndes, Marie Belloc
790 1# -
-- Belloc-Lowndes, Marie Adelaide
-- IT\ICCU\SBNV\007001
-- Lowndes, Marie Belloc
790 1# -
-- Belloc, Marie Adelaide
-- IT\ICCU\SBNV\007002
-- Lowndes, Marie Belloc
790 1# -
-- Lowndes, Marie Adelaide Belloc
-- IT\ICCU\SBNV\007003
-- Lowndes, Marie Belloc
942 ## - Dati aggiuntivi (Koha)
Fonte della classificazione o dello schema di collocazione (segnatura) Classificazione decimale Dewey
Tipo copia default (Koha) Materiali visivi
Nasconto in Opac No
Holdings
Status ritirato Status smarrito: Status danneggiato: Escluso dal prestito Biblioteca di appartenenza Biblioteca corrente Data di acquisti Numero d'inventario Totale prestiti Collocazione Codice a barre Data ultima revisione Prezzo effettivo da Tipo copia default (Koha) Nota pubblica
        BOLOGNA | Centro di Documentazione "Flavia Madaschi" Cassero LGBTQIA+ Center BOLOGNA | Centro di Documentazione "Flavia Madaschi" Cassero LGBTQIA+ Center 24/01/2026 6179   VO 50 BO6179 24/01/2026 24/01/2026 Materiali visivi 1 videocassetta
Se cerchi informazioni su Arcigay, le puoi trovare nel nostro sito: www.arcigay.it